000 00202 a2200097 4500
020 _a0312090668
041 _aspa
100 _aJ. JOAQUIN FRAXEDAS
245 _aLA TRAVESIA SOLITARIA DE J.G
942 _cBK
999 _c4091
_d4091